header

Designing audiences (Record no. 220931)

MARC details
000 -LEADER
fixed length control field 01123nam a2200301 a 4500
245 00 - TITLE STATEMENT
Title Designing audiences
250 ## - EDITION STATEMENT
Edition statement 1st ed.
260 ## - PUBLICATION, DISTRIBUTION, ETC. (IMPRINT)
Place of publication New York, N.Y. :
Name of publisher Princeton Architectural Press,
Year of publication 2008.
300 ## - PHYSICAL DESCRIPTION
Number of Pages 106 p. :
Other physical details ill. (some col.).
490 0# - SERIES STATEMENT
Series statement Fresh dialogue ;
Series statement New voices in graphic design
650 #0 - SUBJECT ADDED ENTRY--TOPICAL TERM
Topical Term Commercial art.
Topical Term Book design.
700 1# - ADDED ENTRY--PERSONAL NAME
Personal name Presler, Emma.
856 40 - ELECTRONIC LOCATION AND ACCESS
Uniform Resource Identifier http://site.ebrary.com/lib/rucke/Doc?id=10470256

No items available.

© 2026 Rongo University
Contact us: librarian | system librarian | Rongo university